Ekonometrické modelovanie vybranej problematiky (Minimálna mzda a jej vplyv na zamestnanosť) diplomová práca

Gespeichert in:
Bibliographische Detailangaben
1. Verfasser: Kompauerová, Mária
Körperschaft: Fakulta hospodárskej informatiky EU. Katedra operačného výskumu a ekonometrie
Weitere Verfasser: Lukáčik, Martin, 1974-
Format: Buch
Sprache:Slowakisch
Veröffentlicht: Bratislava 2010
Tags: Tag hinzufügen
Keine Tags, Fügen Sie das erste Tag hinzu!

MARC

LEADER 00000nam a2200000 4500
001 0118710
005 20240318122014.7
041 0 |a slo 
044 |a SK 
245 1 0 |a Ekonometrické modelovanie vybranej problematiky (Minimálna mzda a jej vplyv na zamestnanosť)  |b diplomová práca  |c Mária Kompauerová ; škol. Martin Lukáčik 
264 1 |a Bratislava  |c 2010 
300 |a 58 s. 
100 1 |a Kompauerová, Mária 
700 1 |a Lukáčik, Martin, 1974- 
710 2 |a Fakulta hospodárskej informatiky EU. Katedra operačného výskumu a ekonometrie